000 00678nam a2200289Ia 4500
005 20260324150723.0
008 008 260324s9999 xx 000 0 eng d
020 _a9781315157313
037 _aEBOOK
040 _aCRL
040 _beng
040 _cCRL
041 _2eng
041 _aeng
084 _qCRL
100 _aA. Hingston Quiggin
_91227381
245 2 _aA Survey of Primitive Money
245 4 _bThe Beginnings of Currency
260 _bTaylor and Francis
260 _c1949
365 _a
365 _b205
856 _uhttp://www.taylorfrancis.com/books/9781315157313
942 _cEBOOK
999 _c1837340
_d1837340